LEADER 01253nam a2200289 u 4500 001 000000116220 003 CaOOAMICUS 005 20100906110956.0 008 090616s2009 it u000 u ita r 020 $z978-88-598-0404-8* 040 $aPUL$bita$dLDB 082 $a345.4505 245 00$aIndagini preliminari e udienza preliminare /$ca cura di Giulio Garuti. 260 $aTorino :$bUTET Giuridica,$c2009. 300 $axxiv, 1032 p.$c24 cm. 490 1 $aTrattato di procedura penale ;$v3 504 $aBibliografia in nota. 650 4$aProcedura penale$zItalia.$0(OLS)http://pul/subject/12686 700 1 $aGaruti, Giulio.$0(OLS)http://pul/name/65959 830 0$aTrattato di procedura penale (UTET Giuridica) ;$v3.$0(OLS)http://pul/title/145809 850 $aPUL 852 $aPUL$W1$xSL Diritto e Scienze Sociali 3$y79$m345. 4505 SPAGI 1.3$j141140$qDDC 21$B132187$CPULBib$Z2$F132187 $H110889 $82 941 1 $a9 996 $6020$z978-88-598-0404-8*$9(OLS)http://pul/number/141137 996 $6082$a345.4505$9(OLS)http://pul/classification/385 996 $6245$aIndagini preliminari e udienza preliminare$9(OLS)http://pul/title/146060 996 $6260$aTorino :$bUTET Giuridica$9(OLS)http://pul/publisher/79191 LEADER 01560nam a2200349 a 4500 001 000000133053 003 CaOOAMICUS 005 20130308121135.0 008 130308s2011 it u000 u ita r 020 $a978-88-07-81646-8 040 $aPUL$bita 041 1 $aita$heng 082 04$a370.1 100 1 $aBruner, Jerome,$d1915-$0(OLS)http://pul/name/52779 240 10$aCulture of education.$lItaliano.$0(OLS)http://pul/title/168111 245 13$aLa cultura dell'educazione :$bnuovi orizzonti per la scuola /$cJerome Bruner ; traduzione di Lucia Cornalba. 260 $aMilano :$bFeltrinelli,$c2011. 300 $a233 p. ;$c18 cm 490 1 $aSaggi. Universale Economica Feltrinelli ;$v1646 504 $aComprende riferimenti bibliografici ed indice. 650 4$aEducazione.$0(OLS)http://pul/subject/4579 650 4$aPsicologia educativa.$0(OLS)http://pul/subject/3457 700 1 $aCornalba, Lucia.$0(OLS)http://pul/name/85754 830 0$aSaggi (Universale economica Feltrinelli) ;$v1646.$0(OLS)http://pul/title/168094 850 $aPUL 852 $aPUL$W1$xSL Diritto e Scienze Sociali 3$y79$m370. 1 BRUJE 1$j152978$qDDC 21$B152474$CPULBib$Z2$F152474 $H121836 $82 941 1 $a9 996 $6020$a978-88-07-81646-8$9(OLS)http://pul/number/152023 996 $6082$a370.1$9(OLS)http://pul/classification/413 996 $6245$aLa cultura dell'educazione :$bnuovi orizzonti per la scuola$9(OLS)http://pul/title/168110 996 $6260$aMilano :$bFeltrinelli$9(OLS)http://pul/publisher/48846